| 000 | 00733nam a22002415i 4500 | ||
|---|---|---|---|
| 001 | 178528 | ||
| 003 | ES-MaACL | ||
| 005 | 20250712024243.0 | ||
| 008 | 110606s1986 sp |||| | spa d | ||
| 020 | _a84-320-0662-9 | ||
| 080 | _a821.134.2-4"19" | ||
| 100 | 1 |
_aRobles Piquer, Carlos, _d1925-2018 _997951 |
|
| 245 | 1 | 3 |
_aLa botica del mamut / _cCarlos Robles Piquer ; prólogo de Manuel Fraga Iribarne. |
| 250 | _a1ª ed. | ||
| 260 |
_aBarcelona : _bPlaneta, _cD. L. 1986. |
||
| 300 |
_a252 p. ; _c20 cm. |
||
| 490 | 1 |
_aTextos ; _v91 |
|
| 500 | _aÍndice. | ||
| 700 | 1 |
_aFraga Iribarne, Manuel, _d1922-2012 _9193721 |
|
| 830 | 0 |
_aTextos ; _v91 _9179017 |
|
| 852 |
_aES-MaACL _jE-15294 |
||
| 999 |
_c178528 _d178528 |
||